My Best Dress Lyrics (Florence + the Machine) - Statistics

General Stats
  • This quiz has been taken 8 times
  • The average score is 124 of 206
Answer Stats
Answer % Correct
a
100%
be
100%
best
100%
I
100%
I'm
100%
my
100%
the
100%
you
100%
You
100%
your
100%
Your
100%
And
80%
and
80%
dress
80%
for
80%
is
80%
it's
80%
me
80%
over
80%
there
80%
to
80%
Wearing
80%
When
80%
when
80%
won't
80%
are
60%
As
60%
as
60%
close
60%
down
60%
go
60%
Hold
60%
I'll
60%
in
60%
life
60%
look
60%
on
60%
this
60%
time
60%
will
60%
angry
40%
Another
40%
boy
40%
brow
40%
comfort
40%
dance
40%
death
40%
death,
40%
face
40%
floor
40%
ground
40%
hat
40%
kiss
40%
lay
40%
lights
40%
once
40%
Once
40%
or
40%
out
40%
sad
40%
sleep
40%
smooth
40%
so
40%
So
40%
troubled
40%
twice
40%
ay
20%
bed
20%
below
20%
bluer
20%
brave
20%
But
20%
cheek
20%
dancing
20%
drunk
20%
fancy
20%
feeling
20%
find
20%
fine
20%
frown
20%
furrowed
20%
him
20%
instead
20%
laid
20%
Laying
20%
leave
20%
Lie
20%
low
20%
mourners
20%
next
20%
pass
20%
put
20%
request
20%
return
20%
smile
20%
song
20%
sympathy
20%
tell
20%
Thank
20%
their
20%
them
20%
wake
20%
wave
20%
we're
20%
No matching quizzes found
Score Distribution
Percent of People with Each Score
Percentile by Number Answered
Your Score History
You have not taken this quiz